Sandarba sahitya. (Record no. 95072)

MARC details
000 -LEADER
fixed length control field 00541nam a2200193Ia 4500
003 - CONTROL NUMBER IDENTIFIER
control field OSt
005 - DATE AND TIME OF LATEST TRANSACTION
control field 20260505152918.0
008 - FIXED-LENGTH DATA ELEMENTS--GENERAL INFORMATION
fixed length control field 210210b1990 xxu||||| |||| 00| 0 eng d
040 ## - CATALOGING SOURCE
Transcribing agency AL
041 ## - LANGUAGE CODE
Language code of text/sound track or separate title Kannada
082 ## - DEWEY DECIMAL CLASSIFICATION NUMBER
Classification number 028.8K NAGS
100 ## - MAIN ENTRY--PERSONAL NAME
Personal name NAGAYYA (J M)
Dates associated with a name ನಾಗಯ್ಯ (ಜೆ ಎಂ)
9 (RLIN) 263290
245 ## - TITLE STATEMENT
Title Sandarba sahitya.
Remainder of title ಸಂದರ್ಭ ಸಾಹಿತ್ಯ.
260 ## - PUBLICATION, DISTRIBUTION, ETC.
Place of publication, distribution, etc. Kalaburgi
Name of publisher, distributor, etc. Vijaya Vikrama Prakashana
Date of publication, distribution, etc. 1990
300 ## - PHYSICAL DESCRIPTION
Extent 288
690 ## - LOCAL SUBJECT ADDED ENTRY--TOPICAL TERM (OCLC, RLIN)
Topical term or geographic name as entry element Library Science
9 (RLIN) 263291
906 ## - LOCAL DATA ELEMENT F, LDF (RLIN)
a 045472
942 ## - ADDED ENTRY ELEMENTS (KOHA)
Source of classification or shelving scheme Dewey Decimal Classification
Koha item type Book
Holdings
Withdrawn status Lost status Source of classification or shelving scheme Damaged status Not for loan Collection code Home library Current library Shelving location Date acquired Cost, normal purchase price Total Checkouts Full call number Barcode Date last seen Price effective from Koha item type
    Dewey Decimal Classification     General St Aloysius Library St Aloysius Library   02/17/2021 0.00   028.8K NAGS 045472 02/17/2021 02/17/2021 Book